[Event "Titled Tue 20th May Late"]
[Site "chess.com INT"]
[Date "2025.05.20"]
[Round "4"]
[White "Danila, Tudor-Gabriel"]
[Black "Alvarado, Carlos"]
[Result "0-1"]
[WhiteTitle "CM"]
[BlackTitle "CM"]
[WhiteElo "2178"]
[BlackElo "2032"]
[WhiteFideId "1274244"]
[BlackFideId "3800555"]
[EventDate "2025.05.20"]

1. e4 c6 2. Nc3 d5 3. Nf3 Bg4 4. h3 Bxf3 5. Qxf3 e6 6. Be2 Nd7 7. d4 Bb4 8. O-O
Bxc3 9. bxc3 Ngf6 10. e5 Ne4 11. Qe3 Qa5 12. Bb2 O-O 13. f3 Ng3 14. Rfe1 Nxe2+
15. Qxe2 c5 16. Qd3 Nb6 17. Bc1 Nc4 18. Rb1 cxd4 19. Qxd4 b6 20. Bg5 Rfe8 21.
Rbd1 Qxa2 22. Re2 Qa3 23. Qg4 Kh8 24. Rd3 a5 25. Kh2 a4 26. Qh4 Qf8 27. f4 h6
28. Rg3 Kh7 29. f5 exf5 30. Bf6 Re6 31. Rxg7+ Qxg7 32. Bxg7 Kxg7 33. Re1 Rg6 34.
Qd4 Kh7 35. Qxd5 Rag8 36. Re2 b5 37. Qxf7+ R8g7 38. Qxf5 a3 39. e6 a2 40. e7 Nd6
41. Qf1 Ne8 42. Qa1 Ra6 43. c4 bxc4 44. c3 Ra7 45. Rxa2 Raxe7 46. Qb1+ Kg8 47.
Qf1 Rgf7 48. Qxc4 Ng7 49. Ra6 Kh7 50. Qd3+ Kg8 51. Rxh6 Rd7 52. Qh7+ Kf8 53. Re6
Nxe6 54. Qh6+ Ke7 55. Qe3 Rc7 56. h4 Rf5 57. g4 Rfc5 58. h5 Rxc3 59. Qe4 R7c4
60. Qb7+ Kf6 61. Qb2 Kg5 62. Qc2 Nf4 0-1

[Event "Titled Tue 20th May Late"]
[Site "chess.com INT"]
[Date "2025.05.20"]
[Round "4"]
[White "Pakleza, Zbigniew"]
[Black "Novosel, Lovro"]
[Result "0-1"]
[WhiteTitle "GM"]
[BlackTitle "FM"]
[WhiteElo "2484"]
[BlackElo "2346"]
[WhiteFideId "1119290"]
[BlackFideId "14547120"]
[EventDate "2025.05.20"]

1. d4 Nf6 2. Nf3 e6 3. Bf4 c5 4. c3 Qb6 5. Qb3 Nc6 6. e3 d5 7. Nbd2 Be7 8. h3
O-O 9. Be2 h6 10. O-O Bd7 11. Rfd1 Rfc8 12. Rac1 Be8 13. Bh2 Na5 14. Qxb6 axb6
15. a3 Nc6 16. Bd3 c4 17. Bc2 b5 18. e4 Nd7 19. exd5 exd5 20. Nf1 Nb6 21. Ne3
Bd7 22. Re1 Be6 23. Ne5 Nxe5 24. Bxe5 Na4 25. Rb1 Re8 26. Bd1 Bg5 27. Bf3 Rad8
28. Re2 Bxe3 29. fxe3 Bf5 30. Rbe1 f6 31. Bf4 Bd3 32. Rd2 Re7 33. h4 g5 34. hxg5
hxg5 35. Bg3 Kg7 36. Kf2 Kg6 37. Rh1 Be4 38. Rc1 Rde8 39. Re1 Bxf3 40. gxf3 Kf5
41. Rde2 g4 42. Rb1 gxf3 43. Kxf3 Rh8 44. Rc1 Rh3 45. Kg2 Rh5 46. Rf1+ Ke6 47.
Ref2 f5 48. Re2 Rg7 49. Kf2 Rh3 50. Be5 Rg4 51. Ke1 Re4 52. Kd2 Nxb2 53. Ref2
Rhxe3 54. Rxf5 Re2+ 55. Kc1 Nd3+ 56. Kd1 Re1+ 57. Kd2 R4e2# 0-1

[Event "Titled Tue 20th May Late"]
[Site "chess.com INT"]
[Date "2025.05.20"]
[Round "4"]
[White "Gkavardinas, Antonios"]
[Black "Kocharin, Timur"]
[Result "1/2-1/2"]
[WhiteTitle "FM"]
[BlackTitle "FM"]
[WhiteElo "2313"]
[BlackElo "2324"]
[WhiteFideId "25883097"]
[BlackFideId "16240936"]
[EventDate "2025.05.20"]

1. e4 c6 2. d4 d5 3. Nd2 dxe4 4. Nxe4 Nf6 5. Nxf6+ exf6 6. c3 Na6 7. Bxa6 bxa6
8. Ne2 Be7 9. O-O O-O 10. Ng3 Re8 11. Re1 Be6 12. Bf4 a5 13. Qc2 Qb6 14. h4 Bf8
15. h5 Rad8 16. Re3 Qb5 17. Rae1 Bd7 18. Rxe8 Rxe8 19. Rxe8 Bxe8 20. Qe2 Qxe2
21. Nxe2 Bd7 22. Nc1 Bg4 23. h6 g5 24. Bb8 a6 25. Nd3 Be6 26. a3 Bc4 27. Nc5
Bxh6 28. Bc7 Bf8 29. Bxa5 Bxc5 30. dxc5 f5 31. Bd8 h6 32. f4 gxf4 33. Bc7 Kg7
34. Bxf4 h5 35. Kf2 Kf6 36. g3 Ke6 37. Ke3 Kd5 38. b4 Bb5 39. Bg5 Bc4 40. Bf6
Ke6 41. Bd4 Kd5 42. Kf4 Ke6 43. Bg7 Bb5 44. Bf8 Bc4 45. Bd6 Bb5 46. Kg5 Bd3 47.
Kf4 Bb5 48. Bb8 Bc4 49. Ke3 Kd5 50. Bf4 Bb5 51. Bg5 Bc4 52. Bf6 Ke6 53. Bg7 Kd5
54. Bh8 Bb5 55. Bg7 Kc4 56. Kf4 Kb3 57. Kxf5 Kxa3 58. Kf6 Bc4 59. Ke7 Ka4 60.
Kd6 Kb5 61. Bd4 Be6 62. Ke5 Bd5 63. Kf6 Be6 64. Kg5 Bg4 65. Kf6 Be6 66. Ke5 Bg4
67. Ke4 Be6 68. Be5 Bd5+ 69. Kd4 Be6 70. Bf6 Bd5 71. Bd8 Be6 72. Bb6 Bd5 73. Bd8
Be6 74. Bb6 Bd5 75. Bd8 1/2-1/2

[Event "Titled Tue 20th May Late"]
[Site "chess.com INT"]
[Date "2025.05.20"]
[Round "4"]
[White "Schuster, Karsten"]
[Black "Pavlov, Nikolay"]
[Result "0-1"]
[WhiteTitle "FM"]
[BlackTitle "FM"]
[WhiteElo "2266"]
[BlackElo "2316"]
[WhiteFideId "4611071"]
[BlackFideId "24141470"]
[EventDate "2025.05.20"]

1. d4 Nf6 2. c4 e6 3. Nc3 Bb4 4. Qc2 O-O 5. a3 Bxc3+ 6. Qxc3 d6 7. Bg5 h6 8. Bh4
Nbd7 9. e3 e5 10. Nf3 Qe7 11. dxe5 dxe5 12. Be2 b6 13. O-O Bb7 14. b4 Qe6 15.
Qc2 g5 16. Bg3 Ne4 17. Nd2 f5 18. Nxe4 Bxe4 19. Bd3 Bxd3 20. Qxd3 f4 21. exf4
exf4 22. Rfe1 Ne5 23. Qc3 Rae8 24. Bxf4 Rxf4 25. Re3 Qf6 26. Rc1 Rxf2 27. Rce1
Rf8 28. Qa1 Nxc4 29. Qxf6 R2xf6 30. Rc3 Nd2 31. h3 Rf1+ 32. Rxf1 Rxf1+ 33. Kh2
Rf7 34. b5 Ne4 35. Rc4 Nd6 36. Rb4 Rf4 37. Rb2 Kf7 38. Rc2 Rc4 39. Rf2+ Ke6 40.
Rf8 Nxb5 41. Rh8 Nxa3 42. Rxh6+ Kf5 43. Rh5 Kg6 44. Rh8 Nb5 45. Ra8 a5 46. Rg8+
Kf6 47. Rf8+ Kg7 48. Rf5 Rc5 49. Rf2 a4 0-1

[Event "Titled Tue 20th May Late"]
[Site "chess.com INT"]
[Date "2025.05.20"]
[Round "4"]
[White "Ferrara, Enzo"]
[Black "Makaraci, Tunahan"]
[Result "1-0"]
[BlackTitle "FM"]
[WhiteElo "2138"]
[BlackElo "2233"]
[WhiteFideId "137731"]
[BlackFideId "6356559"]
[EventDate "2025.05.20"]

1. d4 d5 2. Nf3 e6 3. g3 Nf6 4. Bg2 c5 5. c4 Nc6 6. cxd5 exd5 7. O-O Be7 8. dxc5
Bxc5 9. Bg5 d4 10. Nbd2 O-O 11. Nb3 Bb6 12. a4 a5 13. Rc1 h6 14. Bf4 Re8 15. Re1
Ne4 16. Nfd2 Nxd2 17. Bxd2 Bg4 18. h3 Bh5 19. g4 Bg6 20. Bf4 Be4 21. Nc5 Bxg2
22. Kxg2 Qe7 23. Nd3 Rad8 24. Qb3 Nb4 25. Nxb4 axb4 26. Qf3 Qd7 27. b3 Re6 28.
Red1 Rde8 29. Rc2 Re4 30. Bg3 Qe6 31. Rdd2 Rf8 32. Qd3 f5 33. f3 Re3 34. Qc4
fxg4 35. hxg4 Qxc4 36. bxc4 b3 37. Rc1 Rc3 38. Rb1 Rc8 39. Rdb2 R8xc4 40. Rxb3
Rxa4 41. Rxb6 Rc2 42. Rxb7 Raa2 43. Kh3 Rxe2 44. g5 h5 45. Rb8+ Kh7 46. R1b7 Kg6
47. Rb6+ Kxg5 48. Rb5+ Kf6 49. R8b6+ Kf7 50. Rf5+ Ke7 51. Rc5 Kd7 52. Rc7+ Ke8
53. Rb8# 1-0

[Event "Titled Tue 20th May Late"]
[Site "chess.com INT"]
[Date "2025.05.20"]
[Round "4"]
[White "Bortnyk, Olexandr"]
[Black "Sheehan, Ethan"]
[Result "1/2-1/2"]
[WhiteTitle "GM"]
[WhiteElo "2601"]
[BlackElo "2380"]
[WhiteFideId "14120828"]
[BlackFideId "30943965"]
[EventDate "2025.05.20"]

1. e4 e5 2. Nf3 Nc6 3. Bb5 a6 4. Ba4 d6 5. Nc3 Bd7 6. O-O Nf6 7. Nd5 Be7 8. Nxe7
Nxe7 9. Bb3 O-O 10. d4 Ng6 11. Re1 Bg4 12. c3 Nh4 13. Bg5 Bxf3 14. gxf3 Ng6 15.
Kh1 h6 16. Be3 Nh5 17. dxe5 dxe5 18. Qxd8 Raxd8 19. Rad1 Nhf4 20. Bc4 Rfe8 21.
a4 Nh4 22. Bxf4 exf4 23. Be2 Kf8 24. Kg1 Ke7 25. Kf1 Rxd1 26. Rxd1 Rd8 27. Rd4
a5 28. Rxd8 Kxd8 29. b4 b6 30. Ke1 Ke7 31. Kd2 Kd6 32. Kd3 Ng6 33. Kc4 c6 34.
Kb3 Ne5 35. Kc2 c5 36. Kb3 g5 37. Ka3 h5 38. h3 Kc6 39. Kb3 h4 40. Ka3 f6 41.
Kb3 Kd6 42. b5 c4+ 43. Kc2 Kc5 44. Kd2 Nd7 45. Kc2 Nf8 46. Kd2 Ne6 47. Kc2 Ng7
48. Kd2 Nh5 49. Kc2 Ng7 50. Kd2 Ne8 51. Kc2 Nd6 52. Kd2 Nf7 53. Kc2 Ne5 54. Kd2
Kd6 55. Kc2 Ke7 56. Kb2 Ke6 57. Kc2 Kd6 58. Kd2 Nd7 59. Bd1 Nc5 60. Bc2 Ke5 61.
Ke2 Ne6 62. Kd2 Nc7 63. Ke2 Ne8 64. Kd2 Nd6 65. Ke2 Ne8 66. Kd2 Nc7 67. Ke2 Ne6
68. Kd2 Nc5 69. Ke2 Kd6 70. Kd2 Nd7 71. Ke2 Ne5 72. Bb1 Kc5 73. Bc2 Kd6 74. Bb1
Kc5 75. Bc2 Kd6 1/2-1/2

[Event "Titled Tue 20th May Late"]
[Site "chess.com INT"]
[Date "2025.05.20"]
[Round "4"]
[White "Vila Dupla, Aurelio"]
[Black "Liu, Casper"]
[Result "0-1"]
[WhiteTitle "FM"]
[BlackTitle "FM"]
[WhiteElo "2056"]
[BlackElo "2325"]
[WhiteFideId "2203383"]
[BlackFideId "1454153"]
[EventDate "2025.05.20"]

1. Nf3 c5 2. c4 g6 3. d4 Bg7 4. e4 d6 5. h3 Nf6 6. Nc3 O-O 7. Be3 Qa5 8. Qd2 a6
9. a4 Bd7 10. Ra3 Nc6 11. Be2 Qb4 12. O-O Na5 13. dxc5 Nxc4 14. Bxc4 Qxc4 15.
cxd6 Nxe4 16. Nxe4 Qxe4 17. dxe7 Qxe7 18. Bg5 Qe6 19. Re3 Qc6 20. Rc1 Qxa4 21.
Ra3 Qb5 22. Rd3 Be6 23. Nd4 Qb6 24. Nxe6 Qxe6 25. Rd6 Qb3 26. Rd7 Qxb2 27. Qxb2
Bxb2 28. Rb1 Bg7 29. Rbxb7 a5 30. Be7 Rfb8 31. Rxb8+ Rxb8 32. Ra7 Rb1+ 33. Kh2
Bc3 34. Ra8+ Kg7 35. Bc5 Ra1 36. Bb6 a4 37. Rc8 Bb2 38. Rc2 a3 39. Rxb2 axb2 40.
Bd4+ Kh6 41. Bxb2 Rb1 42. Bd4 g5 43. Be3 Kg6 44. g4 h5 45. Kg2 hxg4 46. hxg4 Rb4
47. Kf3 Ra4 48. Kg3 f6 49. Kf3 Kf7 50. Kg3 Ke6 51. Kf3 Rb4 52. Kg3 Ra4 53. Kf3
Ke5 54. Kg3 Ke4 55. Bd2 Ra3+ 56. Kg2 Rf3 57. Bc1 Rd3 58. Bb2 Rd6 59. Kg3 Rd3+
60. Kg2 Kf4 61. Bxf6 Kxg4 62. Bd8 Rxd8 0-1

[Event "Titled Tue 20th May Late"]
[Site "chess.com INT"]
[Date "2025.05.20"]
[Round "4"]
[White "Sindarov, Javokhir"]
[Black "Ibarra Jerez, Jose Carlos"]
[Result "1/2-1/2"]
[WhiteTitle "GM"]
[BlackTitle "GM"]
[WhiteElo "2706"]
[BlackElo "2545"]
[WhiteFideId "14205483"]
[BlackFideId "2226332"]
[EventDate "2025.05.20"]

1. e4 c5 2. Nf3 Nc6 3. Bb5 e6 4. O-O Nd4 5. Be2 Ne7 6. c3 Nxe2+ 7. Qxe2 d5 8. d3
Nc6 9. Re1 Be7 10. Bf4 O-O 11. Nbd2 b6 12. Nf1 Bb7 13. e5 d4 14. c4 a6 15. N1d2
b5 16. b3 Nb4 17. Rec1 bxc4 18. bxc4 a5 19. a3 Nc6 20. h4 a4 21. h5 h6 22. Rab1
Na5 23. Ne4 Nb3 24. Re1 Ra6 25. Nh2 Bxe4 26. Qxe4 Bg5 27. Nf3 Be7 28. g4 Qa8 29.
Qe2 f5 30. g5 Qe8 31. g6 Qa8 32. Rb2 Rb8 33. Reb1 Bd8 34. Nd2 Rab6 35. Qd1 Qb7
36. Nf1 Qe7 37. Kg2 Qh4 38. Qf3 Bc7 39. Ng3 Qd8 40. Qd1 Qc8 41. Qe2 Qb7+ 42. Kh2
Qc6 43. Nf1 Qa8 44. Kg1 R8b7 45. Qd1 Qb8 46. Qe2 Kf8 47. Nh2 Qa8 48. Nf3 Qb8 49.
Qd1 Qd8 50. Kg2 Qa8 51. Qe2 Rb8 52. Qf1 Kg8 53. Qh1 Qc6 54. Qd1 Qa8 55. Qe2 R8b7
56. Kg3 Qb8 57. Qd1 Qd8 58. Qe2 Qb8 59. Qf1 Qd8 60. Qd1 Qb8 61. Qc2 Qa8 62. Nd2
Qb8 63. Nf3 Qa8 64. Qe2 Qb8 1/2-1/2

[Event "Titled Tue 20th May Late"]
[Site "chess.com INT"]
[Date "2025.05.20"]
[Round "4"]
[White "Dauer, Andre Leonardo"]
[Black "Hobaica, Juan Pablo"]
[Result "1/2-1/2"]
[WhiteTitle "CM"]
[BlackTitle "IM"]
[WhiteElo "2138"]
[BlackElo "2412"]
[WhiteFideId "2126915"]
[BlackFideId "104159"]
[EventDate "2025.05.20"]

1. e4 c5 2. Nf3 Nc6 3. d3 g6 4. g3 Bg7 5. Bg2 e6 6. c3 Nge7 7. h4 d5 8. Nbd2
dxe4 9. dxe4 h5 10. Qe2 O-O 11. O-O b6 12. Rd1 Qc7 13. Nc4 Ba6 14. Bf4 e5 15.
Bg5 f6 16. Be3 Rad8 17. Bf1 Rxd1 18. Rxd1 Rd8 19. Rxd8+ Qxd8 20. Qd2 Qxd2 21.
Nfxd2 Nd8 22. Bh3 Kh7 23. Nd6 Bh6 24. Bxh6 Kxh6 25. Ne8 f5 26. Nd6 Bd3 27. f3
Kg7 28. Kf2 Kf6 29. Ke3 Ba6 30. Ne8+ Kf7 31. Nc7 Bc8 32. Bf1 Bd7 33. Nc4 Kf6 34.
b3 Ne6 35. Nd5+ Nxd5+ 36. exd5 Nc7 37. d6 Ne8 38. a4 Ke6 39. Be2 Nxd6 40. Nxd6
Kxd6 41. a5 b5 42. b4 Be6 43. g4 fxg4 44. fxg4 Bxg4 45. Bf1 c4 46. Bg2 Bc8 47.
Be4 Bf5 48. Bb7 e4 49. Ba8 g5 50. hxg5 h4 51. Bxe4 Bxe4 52. Kxe4 Ke6 53. Kf4 h3
54. Kg3 Kf5 55. Kxh3 Kxg5 56. Kg3 Kf5 57. Kf3 Ke5 58. Ke3 Kf5 59. Kd4 Kf4 60.
Kc5 Ke3 61. Kxb5 Kd3 62. Ka6 Kxc3 63. b5 Kd2 64. b6 axb6 65. axb6 c3 66. b7 c2
67. b8=Q c1=Q 68. Qd6+ Kc2 69. Qc5+ Kb1 70. Qxc1+ Kxc1 1/2-1/2

[Event "Titled Tue 20th May Late"]
[Site "chess.com INT"]
[Date "2025.05.20"]
[Round "4"]
[White "Carlsson, Ludvig"]
[Black "Mata Gonzalez, Jose Fernando"]
[Result "0-1"]
[WhiteTitle "IM"]
[BlackTitle "CM"]
[WhiteElo "2374"]
[BlackElo "2164"]
[WhiteFideId "1727010"]
[BlackFideId "5107423"]
[EventDate "2025.05.20"]

1. e4 c5 2. Nf3 d6 3. d4 cxd4 4. Nxd4 a6 5. c4 Nf6 6. Nc3 g6 7. Be2 Bg7 8. Be3
h5 9. f3 O-O 10. Qd2 Nc6 11. O-O Be6 12. Rac1 Rc8 13. b3 Kh7 14. Kh1 Ng8 15.
Nxe6 fxe6 16. f4 Qd7 17. Bd3 e5 18. f5 Nd4 19. Nd5 Qe8 20. Qf2 Nf6 21. Qh4 e6
22. fxg6+ Qxg6 23. Ne7 Qg4 24. Bg5 Qxh4 25. Bxh4 Rce8 26. c5 Rxe7 27. cxd6 Rd7
28. Rc7 Kg6 29. Rxf6+ Bxf6 30. Rxd7 Bxh4 31. Rxb7 Rd8 32. d7 Nb5 33. a4 Nd6 34.
Ra7 Kf7 35. g3 Bg5 36. Bxa6 Ke7 37. Bd3 Be3 38. Rc7 Rxd7 39. Rxd7+ Kxd7 40. Kg2
Kc6 41. Kf3 Bc5 42. h4 Bb4 43. g4 hxg4+ 44. Kxg4 Kc5 45. Kf3 Kd4 46. Bb1 Kc3 47.
h5 Kb2 48. Bd3 Kc3 49. Bb1 Nf7 50. a5 Bxa5 51. b4 Bxb4 52. Ba2 Kd4 53. Bb1 Bd2
54. Kg4 Bh6 55. Bc2 Ng5 56. Bb1 Nxe4 57. Bc2 Nd2 58. Bh7 e4 59. Kg3 e3 60. Kg2
Bg5 61. Bg8 e5 62. Bh7 Bh6 63. Bg6 e4 64. Be8 Kd3 65. Bb5+ Kd4 66. Ba6 Nc4 67.
Kf1 Kd3 68. Ke1 Bg5 69. h6 Bxh6 70. Kd1 Bg7 71. Ke1 Bc3+ 72. Kf1 e2+ 73. Kg2
e1=Q 74. Kh3 Qe3+ 75. Kh4 Qg1 76. Kh5 e3 77. Kh6 e2 78. Kh5 e1=Q 79. Bxc4+ Kxc4 0-1

[Event "Titled Tue 20th May Late"]
[Site "chess.com INT"]
[Date "2025.05.20"]
[Round "4"]
[White "Demchenko, Anton"]
[Black "Przybylski, Bartosz"]
[Result "1-0"]
[WhiteTitle "GM"]
[BlackTitle "CM"]
[WhiteElo "2619"]
[BlackElo "2107"]
[WhiteFideId "4160258"]
[BlackFideId "21878323"]
[EventDate "2025.05.20"]

1. e4 c5 2. Nf3 Nc6 3. Bb5 g6 4. Bxc6 dxc6 5. d3 Bg7 6. h3 b6 7. Nc3 Nf6 8. Be3
Nd7 9. O-O e5 10. Nh2 Nf8 11. f4 exf4 12. Bxf4 Ne6 13. Bg3 O-O 14. e5 Nd4 15.
Ne4 Nf5 16. Bf4 Qd4+ 17. Kh1 Ne3 18. Bxe3 Qxe3 19. Nf6+ Kh8 20. Qe1 Qxe1 21.
Raxe1 Be6 22. b3 a5 23. g4 Bxf6 24. exf6 a4 25. Kg2 axb3 26. axb3 Ra2 27. Rf2 h6
28. h4 Rd8 29. Kg3 b5 30. Nf3 c4 31. dxc4 bxc4 32. bxc4 c5 33. Re3 Ra4 34. Ne5
Kh7 35. Rd3 Rb8 36. g5 Ra1 37. Nf3 Rb4 38. Re3 Bxc4 39. Re5 Rd1 40. Rxc5 Be6 41.
Ne5 Rg1+ 42. Kh2 Rbb1 43. Nf3 Rh1+ 44. Kg2 Rhc1 45. Rc7 hxg5 46. Nxg5+ Kh6 47.
Nxe6 Rg1+ 48. Kf3 Rh1 49. Nf4 Rxh4 50. Nd3 Rh3+ 51. Ke2 Rhh1 52. Rxf7 Ra1 53.
Kd2 g5 54. Re7 Rhd1+ 55. Ke2 Kg6 56. f7 1-0

[Event "Titled Tue 20th May Late"]
[Site "chess.com INT"]
[Date "2025.05.20"]
[Round "4"]
[White "Carnicelli, Valerio"]
[Black "Boyer, Mahel"]
[Result "0-1"]
[WhiteTitle "FM"]
[BlackTitle "GM"]
[WhiteElo "2396"]
[BlackElo "2521"]
[WhiteFideId "856185"]
[BlackFideId "45102422"]
[EventDate "2025.05.20"]

1. e4 Nc6 2. Nc3 d5 3. Nxd5 f5 4. Nc3 Nf6 5. d3 e5 6. Bg5 Bb4 7. Nf3 fxe4 8.
Bxf6 Qxf6 9. dxe4 Bg4 10. h3 Bh5 11. Bb5 Rd8 12. Qe2 O-O 13. Bxc6 Qxc6 14. O-O
Bxc3 15. bxc3 Bxf3 16. gxf3 Qxc3 17. Rad1 Rxd1 18. Rxd1 Qxf3 19. Qxf3 Rxf3 20.
Rd8+ Kf7 21. Rd7+ Kf6 22. Rxc7 Rxh3 23. Rxb7 Ra3 24. c4 Rxa2 25. c5 Rc2 26. Rxa7
Rxc5 27. Kg2 h5 28. Kg3 g6 29. Kh4 Rc1 30. Ra6+ Kg7 31. Re6 Rh1+ 32. Kg3 Rg1+
33. Kh2 Rg5 34. Kh3 Kf7 35. Rc6 Rg4 36. f3 Rg1 37. Rc7+ Kf6 38. Rc5 Kg5 39. Kh2
Rd1 40. Rxe5+ Kf4 41. Re6 Rd2+ 42. Kg1 g5 43. Rg6 h4 44. e5 Re2 45. e6 h3 46.
Kf1 Re5 47. Rf6+ Kg3 48. Rh6 h2 49. f4 gxf4 50. Rg6+ Kh4 51. Rh6+ Kg3 52. Rg6+
Kf3 53. Rh6 Ra5 54. Rh3+ Kg4 55. Rxh2 Re5 56. Re2 Rxe2 0-1

[Event "Titled Tue 20th May Late"]
[Site "chess.com INT"]
[Date "2025.05.20"]
[Round "4"]
[White "Klimakovs, Sergejs"]
[Black "Cori Quispe, Kevin Joel"]
[Result "1-0"]
[WhiteTitle "FM"]
[BlackTitle "GM"]
[WhiteElo "2337"]
[BlackElo "2464"]
[WhiteFideId "11602066"]
[BlackFideId "3814017"]
[EventDate "2025.05.20"]

1. e4 c5 2. Nf3 g6 3. c4 Bg7 4. d4 cxd4 5. Nxd4 Nc6 6. Nc2 Nf6 7. Nc3 d6 8. Be2
Nd7 9. O-O Nc5 10. f3 a5 11. Be3 a4 12. Na3 O-O 13. Qd2 Be6 14. Rfd1 Qa5 15.
Rac1 Rfc8 16. Bf1 h5 17. Nab5 Ne5 18. Nd5 Qxd2 19. Rxd2 Bxd5 20. cxd5 Ned7 21.
Rdc2 Kh7 22. g3 Rd8 23. Kf2 Bh6 24. Bxh6 Kxh6 25. Ke3 f5 26. Bh3 fxe4 27. Bxd7
Rxd7 28. fxe4 Rf8 29. e5 Rf5 30. exd6 exd6 31. Nxd6 Rxd6 32. Rxc5 Rdxd5 33. Rxd5
Rxd5 34. Rc4 Rb5 35. Rxa4 Rxb2 36. h4 b5 37. Ra7 Rb4 38. Kf3 Rc4 39. Rb7 b4 40.
Ke3 g5 41. Rb6+ Kg7 42. hxg5 Rg4 43. Kf3 Rc4 44. Ke3 Rg4 45. Kf3 Rc4 46. Rh6
Rc3+ 47. Kf4 Rc2 48. Rxh5 Rxa2 49. Rh6 b3 50. Rb6 Rf2+ 51. Kg4 b2 52. Kh5 Rh2+
53. Kg4 Kf7 54. Kf5 Rf2+ 55. Kg4 Kg7 56. Rb7+ Kg6 57. Rb6+ Kf7 58. g6+ Kg7 59.
Kg5 Rf6 60. Rb7+ Kg8 61. Kxf6 b1=Q 62. Rxb1 1-0

[Event "Titled Tue 20th May Late"]
[Site "chess.com INT"]
[Date "2025.05.20"]
[Round "4"]
[White "Distaso, Antonio Pio"]
[Black "Gurevich, Dmitry"]
[Result "1-0"]
[BlackTitle "GM"]
[WhiteElo "2253"]
[BlackElo "2347"]
[WhiteFideId "805548"]
[BlackFideId "2000407"]
[EventDate "2025.05.20"]

1. e4 c5 2. Nf3 d6 3. d4 cxd4 4. Nxd4 Nf6 5. Nc3 Nc6 6. Bg5 e6 7. Qd2 Be7 8.
O-O-O O-O 9. f3 Nxd4 10. Qxd4 a6 11. Bxf6 Bxf6 12. Qxd6 Qa5 13. Bc4 Bxc3 14.
bxc3 Qxc3 15. Qd4 Qa3+ 16. Qb2 Qc5 17. Bd3 b5 18. h4 Bb7 19. h5 h6 20. Rh3 Rfd8
21. Rg3 Qd4 22. Qxd4 Rxd4 23. Kd2 Rad8 24. Ke3 Ra4 25. Ra1 e5 26. Rh3 f6 27.
Rhh1 Rc8 28. Rhb1 Kf8 29. Rb3 Bc6 30. a3 Be8 31. Rb4 Ra5 32. c4 bxc4 33. Rxc4
Rxc4 34. Bxc4 Bxh5 35. Kd3 Bf7 36. Bxf7 Kxf7 37. Kc4 Ke6 38. a4 Kd6 39. Rd1+ Kc6
40. Kb4 Rc5 41. Rd8 a5+ 42. Kb3 Kb7 43. Rd7+ Rc7 44. Rd5 Kb6 45. Rd6+ Kb7 46.
Rd5 h5 47. Rxa5 Rc1 48. Rd5 Kc7 49. Rd2 h4 50. Rc2+ Rxc2 51. Kxc2 Kb6 52. Kc3
Kc5 53. Kb3 g6 54. Kc3 f5 55. exf5 gxf5 56. Kb3 Kd4 57. a5 Kc5 58. a6 Kb6 59.
Kc4 Kxa6 60. Kd5 e4 61. fxe4 fxe4 62. Kxe4 Kb6 63. Kf4 h3 64. gxh3 Kc6 65. Kf5
Kd7 66. Kg6 1-0

[Event "Titled Tue 20th May Late"]
[Site "chess.com INT"]
[Date "2025.05.20"]
[Round "4"]
[White "Garcia Correa, Jose Ricardo"]
[Black "Ermolaev, Evgeny"]
[Result "1-0"]
[WhiteTitle "FM"]
[BlackTitle "FM"]
[WhiteElo "2103"]
[BlackElo "2282"]
[WhiteFideId "5101832"]
[BlackFideId "24103195"]
[EventDate "2025.05.20"]

1. e4 c5 2. Nf3 a6 3. d4 cxd4 4. Nxd4 Nf6 5. Nc3 e5 6. Nf5 d5 7. Ng3 d4 8. Nce2
h5 9. h4 Nc6 10. Ng1 Be6 11. Nf3 Bc5 12. Ng5 Bg4 13. Be2 Qd7 14. f3 Be6 15. Nxe6
Qxe6 16. Nf5 O-O 17. Bg5 Bb4+ 18. Kf1 g6 19. Ng3 Nh7 20. Qc1 Nxg5 21. Qxg5 Be7
22. Qh6 Qf6 23. Bc4 Qg7 24. Qd2 Rac8 25. a3 Rc7 26. Bd5 Rfc8 27. Rc1 Kh7 28. f4
Qh6 29. Ne2 Bd6 30. g3 Ne7 31. Bxf7 Rf8 32. Bb3 exf4 33. gxf4 Bxf4 34. Nxf4
Rxf4+ 35. Ke1 Nc6 36. Kd1 Rxe4 37. Bd5 Qxd2+ 38. Kxd2 Rf4 39. Rcf1 Rxf1 40. Rxf1
Ne5 41. Re1 Ng4 42. Re8 Ne3 43. Be4 Kg7 44. Rb8 b5 45. Rb6 Nf5 46. Rxa6 Rf7 47.
Kd3 Kh7 48. b3 Nxh4 49. a4 bxa4 50. bxa4 Kg7 51. a5 g5 52. Rb6 g4 53. a6 g3 54.
Rb7 g2 55. Bxg2 Nxg2 56. Rxf7+ Kxf7 57. a7 Nf4+ 58. Ke4 Ne6 59. a8=Q Kf6 60.
Qh8+ Kg6 61. Ke5 Ng5 62. Qg8+ Kh6 63. Kf5 Nf3 64. Qg6# 1-0

[Event "Titled Tue 20th May Late"]
[Site "chess.com INT"]
[Date "2025.05.20"]
[Round "4"]
[White "Gazineu Neto, Rubens"]
[Black "Rossi, Maximiliano"]
[Result "1-0"]
[WhiteElo "1960"]
[BlackElo "2013"]
[WhiteFideId "2174685"]
[BlackFideId "113425"]
[EventDate "2025.05.20"]

1. e4 e6 2. d4 d5 3. Nc3 dxe4 4. Nxe4 Bd7 5. Nf3 Bc6 6. Bd3 Bxe4 7. Bxe4 c6 8.
O-O Nf6 9. Bd3 g6 10. Bg5 Bg7 11. Re1 O-O 12. c3 Qc7 13. Qd2 Nbd7 14. Bf4 Qd8
15. Rad1 Re8 16. Bh6 Qc7 17. Bf4 Qd8 18. Bg5 Qc7 19. Bf4 Qb6 20. Ne5 Nxe5 21.
Bxe5 Rad8 22. Qe2 Nd5 23. Bxg7 Kxg7 24. Qe5+ Kg8 25. Re2 Qc7 26. Qxc7 Nxc7 27.
g3 b5 28. Bc2 Nd5 29. Rde1 Rc8 30. a4 a6 31. Ra1 Ra8 32. Kg2 Nb6 33. axb5 axb5
34. Ree1 Kf8 35. Be4 Nd5 36. h4 h5 37. Kf3 Ke7 38. Bxd5 cxd5 39. Kf4 f6 40. f3
Kd6 41. g4 hxg4 42. fxg4 Rh8 43. Rxa8 Rxa8 44. h5 gxh5 45. gxh5 Rh8 46. Rh1 e5+
47. Kf5 exd4 48. cxd4 Ke7 49. h6 Kf7 50. h7 Ke7 51. Rh6 b4 52. b3 Kf7 53. Rh5
Ke7 54. Kg6 Ke6 55. Kg7 Re8 56. h8=Q Rxh8 57. Rxh8 Kf5 58. Rf8 Ke4 59. Kxf6 Kxd4
60. Rb8 Kc3 61. Ke5 d4 62. Ke4 d3 63. Ke3 d2 64. Ke2 Kc2 65. Rc8+ Kxb3 66. Kxd2
Kb2 67. Rc2+ Kb3 68. Kc1 Ka4 69. Kb2 Ka5 70. Kb3 Kb5 71. Rc4 Ka5 72. Rxb4 Ka6
73. Kc4 Ka7 74. Rb5 Ka8 75. Rb6 Ka7 76. Kc5 Ka8 77. Kc6 Ka7 1-0

[Event "Titled Tue 20th May Late"]
[Site "chess.com INT"]
[Date "2025.05.20"]
[Round "4"]
[White "Atis, Hasan"]
[Black "Romero Ruscalleda, Josep"]
[Result "1-0"]
[WhiteTitle "CM"]
[BlackTitle "FM"]
[WhiteElo "2089"]
[BlackElo "2110"]
[WhiteFideId "44598017"]
[BlackFideId "2231859"]
[EventDate "2025.05.20"]

1. e4 g6 2. d4 Bg7 3. Nc3 d6 4. Nf3 a6 5. a4 Nc6 6. Bc4 Nf6 7. h3 O-O 8. O-O e5
9. Be3 exd4 10. Nxd4 Bd7 11. Re1 Nxd4 12. Bxd4 Bc6 13. f3 Nh5 14. Bb3 Qg5 15.
Bxg7 Kxg7 16. Qd4+ Kg8 17. Kh2 Qg3+ 18. Kg1 Nf4 19. Qd2 Nxh3+ 20. Kf1 Qh2 21.
Qe3 Qh1+ 22. Ke2 Qxg2+ 23. Kd3 Nf2+ 24. Kc4 Nh3 25. Rh1 b5+ 26. axb5 axb5+ 27.
Kb4 Rxa1 28. Rxa1 Qg3 29. Ra7 Rc8 30. Ne2 Qg5 31. f4 Qh4 32. Qc3 Qf2 33. Qxc6
Qxa7 34. Bxf7+ Kf8 35. Bb3 Ra8 36. Kc3 Qe3+ 37. Kb4 Qa7 38. Kc3 Re8 39. Qd7 Qe3+
40. Kb4 Qxe4+ 41. c4 Re7 42. Qc8+ Kg7 43. Nc3 c5+ 44. Kxb5 Qb7+ 45. Qxb7 Rxb7+
46. Ka4 Rb4+ 47. Ka3 Nxf4 48. Ne4 Rb6 49. Ba4 Nd3 50. Bb5 Nxb2 51. Kxb2 h5 52.
Nc3 h4 53. Nd5 Rb8 54. Nf4 g5 55. Nh3 g4 56. Nf4 1-0